Consumer Legal Protection in the EU

Právo Európskej únie a spotrebitelia. Spotrebiteľské správanie. Zdravie a bezpečnosť výrobkov. Bezpečnosť potravín pre spotrebiteľa.

Na minha lista:
Detalhes bibliográficos
Autor principal: Dzurová, Mária
Formato: Capítulo de Livro
Idioma:inglês
Assuntos:
Tags: Adicionar Tag
Sem tags, seja o primeiro a adicionar uma tag!

MARC

LEADER 00000naa$a2200000$$$4500
001 0270266
005 20240502083811.9
041 0 |a eng 
044 |a FR 
245 1 0 |a Consumer Legal Protection in the EU  |c Mária Dzurová 
520 |a Právo Európskej únie a spotrebitelia. Spotrebiteľské správanie. Zdravie a bezpečnosť výrobkov. Bezpečnosť potravín pre spotrebiteľa. 
610 2 0 |a spotrebitelia 
610 2 0 |a správanie spotrebiteľa 
610 2 0 |a bezpečnosť výrobkov 
610 2 0 |a potraviny 
610 2 0 |a bezpečnosť potravinová 
610 2 0 |a ochrana právna 
610 2 0 |a Európska únia 
100 1 |a Dzurová, Mária